000 00765cam a22002414a 4500
001 11871526
005 20180228084725.0
008 991217s2000 cau 001 0 eng
010 _a 99086728
020 _a0944708641
040 _aDLC
_cDLC
_dDLC
041 _aeng
042 _apcc
080 _a332.024 DON
082 0 0 _a332.024 DON
_221
100 1 _a52
101 _aECO
245 1 4 _aThe generation Y money book :
_cDon Silver.
246 3 _a99 smart ways to handle money
906 _a7
_bcbc
_corignew
_d1
_eocip
_f19
_gy-gencatlg
942 _2ddc
_cBK
999 _c43722
_d43722